[Event "FRA T U 20"]
[Site "Creteil"]
[Date "2009.??.??"]
[Round "2.6"]
[White "Le Menelec, Erwan Son"]
[Black "Guo, Louis"]
[Result "1-0"]
[WhiteElo "1699"]
[BlackElo "1612"]
[PlyCount "151"]
[EventDate "2009.??.??"]
[EventType "team-match"]
[EventCountry "FRA"]

1. e4 e6 2. d4 d5 3. exd5 exd5 4. Bd3 Bd6 5. Ne2 Ne7 6. O-O Nbc6 7. c3 Bf5 8.
Bf4 Bxd3 9. Qxd3 Bxf4 10. Nxf4 Qd6 11. Qf3 O-O-O 12. a4 f5 13. Qe3 Kb8 14. Ne6
Rdg8 15. Ng5 Qf6 16. f4 h6 17. Nf3 g5 18. Ne5 Nxe5 19. fxe5 Qe6 20. Nd2 g4 21.
Nb3 Ng6 22. Nc5 Qc8 23. Nd3 Qe6 24. Nf4 Nxf4 25. Rxf4 Rg5 26. Raf1 h5 27. Qf2
Rf8 28. Qh4 Rfg8 29. Qf2 Rf8 30. Qe3 h4 31. Qe2 a6 32. Qe3 c6 33. b3 Kc7 34.
Qc1 b6 35. Qa3 Rf7 36. a5 Rg8 37. axb6+ Kb7 38. Ra1 Ra8 39. Raf1 Rg8 40. Qb4
Rh8 41. c4 dxc4 42. bxc4 Rd8 43. Qc5 Rdf8 44. Ra1 Ra8 45. Re1 Rd8 46. d5 cxd5
47. Rd4 Rc8 48. Qxd5+ Qxd5 49. cxd5 Re7 50. e6 Rd8 51. d6 Ree8 52. d7 Re7 53.
Rd5 Kxb6 54. Rxf5 g3 55. hxg3 hxg3 56. Rg5 Rdxd7 57. Rxg3 Rd6 58. Rge3 a5 59.
g4 Rd4 60. Re4 Rxe4 61. Rxe4 a4 62. Rxa4 Rxe6 63. Kg2 Kc7 64. Kg3 Rg6 65. Kf4
Kd7 66. Re4 Rg8 67. Kf5 Kd6 68. g5 Kd7 69. Kf6 Rf8+ 70. Kg7 Rf5 71. g6 Ra5 72.
Kh6 Ra6 73. Kh7 Ra1 74. Rh4 Ke6 75. g7 Ra7 76. Kh8 1-0

[Event "FRA T U 20"]
[Site "Creteil"]
[Date "2009.??.??"]
[Round "3.1"]
[White "Saatdjian, Stephane"]
[Black "Gelin, Baptiste"]
[Result "1-0"]
[WhiteElo "1979"]
[BlackElo "1872"]
[PlyCount "49"]
[EventDate "2009.??.??"]
[EventType "team-match"]
[EventCountry "FRA"]

1. e4 e5 2. Bc4 Nf6 3. d3 c6 4. Nf3 d5 5. Bb3 Bd6 6. Nc3 Be6 7. Ng5 Qd7 8. Nxe6
Qxe6 9. Qf3 Bb4 10. Bd2 Bxc3 11. Bxc3 Nbd7 12. O-O O-O 13. Rfe1 Qd6 14. exd5
cxd5 15. Qg3 d4 16. Bd2 Rfe8 17. c3 Nc5 18. cxd4 Qxd4 19. Be3 Qd6 20. d4 Nxb3
21. axb3 Ne4 22. dxe5 Rxe5 23. Qg4 Nf6 24. Qc4 Qe7 25. Rec1 1-0

[Event "FRA T U 20"]
[Site "Creteil"]
[Date "2009.??.??"]
[Round "3.2"]
[White "Loiseau, Quentin"]
[Black "Msellek, Ilyass"]
[Result "1-0"]
[WhiteElo "2130"]
[BlackElo "1973"]
[PlyCount "75"]
[EventDate "2009.??.??"]
[EventType "team-match"]
[EventCountry "FRA"]

1. Nf3 Nf6 2. c4 g6 3. Nc3 Bg7 4. e4 d6 5. d4 O-O 6. Be2 e5 7. Be3 exd4 8. Nxd4
Re8 9. f3 Nc6 10. Nc2 a5 11. O-O b6 12. Bf2 Bb7 13. Qd2 Nd7 14. Rfe1 Nc5 15.
Rab1 Qd7 16. b3 Ne6 17. Nd5 Rf8 18. a3 f5 19. exf5 gxf5 20. f4 Nc5 21. Bf3 a4
22. b4 Nb3 23. Qd3 Rae8 24. Bh5 Rxe1+ 25. Rxe1 Kh8 26. Qe3 Nb8 27. Bf3 Bxd5 28.
Bxd5 Nc6 29. b5 Nb8 30. Qe7 Nc5 31. Bd4 Bxd4+ 32. Nxd4 Qxe7 33. Rxe7 Nbd7 34.
Be6 Rd8 35. Nc6 Nxe6 36. Nxd8 Nec5 37. Nf7+ Kg8 38. Nh6+ 1-0

[Event "FRA T U 20"]
[Site "Creteil"]
[Date "2009.??.??"]
[Round "3.3"]
[White "Ralaivao, Maxence"]
[Black "Rouffignac, Tanguy"]
[Result "0-1"]
[WhiteElo "1796"]
[BlackElo "1836"]
[PlyCount "58"]
[EventDate "2009.??.??"]
[EventType "team-match"]
[EventCountry "FRA"]

1. d4 Nf6 2. c4 g6 3. Nc3 Bg7 4. e4 d6 5. f4 c5 6. d5 O-O 7. Be2 e6 8. Nf3 exd5
9. cxd5 Re8 10. Nd2 a6 11. a4 Nbd7 12. O-O b6 13. Bf3 Bb7 14. Nc4 Qc7 15. Re1
Rab8 16. e5 dxe5 17. d6 Qd8 18. fxe5 Bxf3 19. Qxf3 Nh5 20. Qd5 b5 21. e6 Bd4+
22. Kh1 Qh4 23. g3 Nxg3+ 24. Kg2 Nf5 25. exf7+ Kg7 26. Bh6+ Kxh6 27. Rxe8 Qg4+
28. Kh1 Ng3+ 29. Kg2 Ne4+ 0-1

[Event "FRA T U 20"]
[Site "Creteil"]
[Date "2009.??.??"]
[Round "3.4"]
[White "Pruvot, Louis"]
[Black "Stark, Gabriel"]
[Result "1-0"]
[WhiteElo "1826"]
[BlackElo "1730"]
[PlyCount "61"]
[EventDate "2009.??.??"]
[EventType "team-match"]
[EventCountry "FRA"]

1. e4 e6 2. d4 d5 3. Nc3 Nf6 4. Bg5 Be7 5. e5 Nfd7 6. Bxe7 Qxe7 7. Nb5 Na6 8.
c3 f6 9. exf6 Nxf6 10. Nf3 O-O 11. Bd3 c5 12. O-O cxd4 13. cxd4 Bd7 14. Nc3 Nb4
15. Re1 Rac8 16. Rc1 Qd6 17. Bb1 Ng4 18. h3 Nf6 19. Ne5 Rc7 20. Re3 a6 21. Qd2
b5 22. Rce1 Re8 23. Ne2 Bc8 24. Nf4 Nc6 25. Qd3 Ne7 26. g4 h6 27. Nh5 Rf8 28.
Rf3 Ne4 29. Rxf8+ Kxf8 30. Qf3+ Kg8 31. Qf7+ 1-0

[Event "FRA T U 20"]
[Site "Creteil"]
[Date "2009.??.??"]
[Round "3.6"]
[White "Guo, Louis"]
[Black "Boudia, Samy"]
[Result "0-1"]
[WhiteElo "1612"]
[BlackElo "1615"]
[PlyCount "64"]
[EventDate "2009.??.??"]
[EventType "team-match"]
[EventCountry "FRA"]

1. e4 e6 2. d4 d5 3. Nc3 Nf6 4. Bg5 Be7 5. e5 Nfd7 6. Bxe7 Qxe7 7. Nb5 Qd8 8.
c3 a6 9. Na3 c5 10. f4 Nc6 11. Nf3 cxd4 12. cxd4 f6 13. Bd3 fxe5 14. fxe5 Qe7
15. O-O O-O 16. Rc1 g5 17. Bb1 g4 18. Ne1 Rxf1+ 19. Kxf1 Qg5 20. Nac2 h5 21.
Nd3 Nf8 22. Kg1 Ng6 23. Qe2 Nce7 24. Rf1 Nf5 25. Nf2 Nf4 26. Qe1 g3 27. h4
gxf2+ 28. Qxf2 Nh3+ 29. Kh2 Nxf2 30. hxg5 Ng4+ 31. Kg1 Bd7 32. Nb4 Nxd4 0-1

[Event "FRA T U 20"]
[Site "Creteil"]
[Date "2009.??.??"]
[Round "3.7"]
[White "O'Sullivan, Thomas"]
[Black "Mohammad, Fahim"]
[Result "0-1"]
[WhiteElo "1690"]
[BlackElo "1828"]
[PlyCount "44"]
[EventDate "2009.??.??"]
[EventType "team-match"]
[EventCountry "FRA"]

1. d4 d5 2. c4 e6 3. Nc3 Nf6 4. Nf3 c6 5. Bg5 Be7 6. e3 Nbd7 7. Bd3 dxc4 8.
Bxc4 b5 9. Bd3 a6 10. O-O O-O 11. Re1 c5 12. a3 Bb7 13. Qe2 Rc8 14. e4 cxd4 15.
Nxd4 Ne5 16. Nf3 Nc4 17. Bxc4 Rxc4 18. Rad1 Qc7 19. e5 Nd5 20. Nxd5 Bxd5 21.
Bxe7 Qxe7 22. Rd4 Bxf3 0-1

[Event "FRA T U 20"]
[Site "Creteil"]
[Date "2009.??.??"]
[Round "3.10"]
[White "Mohammad, Fahim"]
[Black "Boudia, Rayan"]
[Result "1-0"]
[WhiteElo "1828"]
[BlackElo "1500"]
[PlyCount "130"]
[EventDate "2009.??.??"]
[EventType "team-match"]
[EventCountry "FRA"]

1. d4 Nf6 2. c4 c5 3. d5 b5 4. b3 b4 5. Qc2 g6 6. Bb2 Bg7 7. e4 d6 8. Bd3 O-O
9. h3 Nbd7 10. Nf3 Bb7 11. O-O Re8 12. Nbd2 e6 13. Rfe1 e5 14. a3 a5 15. axb4
axb4 16. Rxa8 Qxa8 17. Ra1 Qb8 18. Qb1 Qc7 19. Bc1 Nb6 20. Ne1 Nh5 21. Nf1 f5
22. Ng3 Nf4 23. Ra2 Nxd3 24. Qxd3 fxe4 25. Nxe4 Bc8 26. Qd1 Bf5 27. Ng3 Rf8 28.
Nc2 Qf7 29. Ne3 e4 30. Qe1 Bc3 31. Bd2 Be5 32. Ne2 Qf6 33. Ra6 Nd7 34. g4 Bxg4
35. Nxg4 Qf3 36. Nh6+ Kh8 37. Qf1 Nf6 38. Be3 Nh5 39. Ra7 Bg7 40. Ng4 Nf6 41.
Nh2 Qf5 42. Ng3 Qe5 43. Qd1 Kg8 44. Qd2 Rf7 45. Rxf7 Kxf7 46. Bf4 Qa1+ 47. Kg2
Qc3 48. Qxc3 bxc3 49. Ne2 Nh5 50. Bxd6 Bf8 51. Bxf8 Kxf8 52. Ng4 c2 53. Ne3
Nf4+ 54. Kf1 Nxe2 55. Nxc2 Nf4 56. h4 Ke7 57. f3 exf3 58. Kf2 Nd3+ 59. Kxf3
Ne5+ 60. Ke4 Kd6 61. Na3 Nf7 62. Nb5+ Ke7 63. Nc3 g5 64. hxg5 Nxg5+ 65. Kf5 Nf7
{...} 1-0

[Event "FRA T U 20"]
[Site "Sautron"]
[Date "2009.11.28"]
[Round "1.1"]
[White "Barbot, Pierre"]
[Black "Peyre, Thomas"]
[Result "1-0"]
[WhiteElo "2072"]
[BlackElo "2015"]
[PlyCount "145"]
[EventDate "2009.??.??"]
[EventType "team-match"]
[EventCountry "FRA"]

1. e4 c5 2. Nf3 e6 3. d4 cxd4 4. Nxd4 a6 5. Bd3 Bc5 6. Nb3 Ba7 7. Qg4 Nf6 8.
Qg3 d6 9. Bg5 Nc6 10. Nc3 h6 11. Bd2 Nh5 12. Qf3 Qh4 13. g3 Ne5 14. Qe2 Qg4 15.
O-O-O Qxe2 16. Bxe2 Nf6 17. f4 Neg4 18. Be1 Ke7 19. Na5 e5 20. Kb1 Bb6 21. Nc4
Bd4 22. Bf3 Be6 23. Nd5+ Bxd5 24. exd5 Rac8 25. fxe5 Nxe5 26. Nxe5 Bxe5 27. Bf2
h5 28. Rhf1 Rc4 29. b3 Rc3 30. Be1 Rcc8 31. Bb4 h4 32. Rde1 Kd7 33. g4 Kc7 34.
h3 Nh7 35. Bg2 f6 36. c4 b6 37. Kc2 Rce8 38. Bd2 Bg3 39. Rxe8 Rxe8 40. Kd3 Re7
41. b4 Ng5 42. Rc1 Bf2 43. Rf1 Bg3 44. Be3 Nf7 45. Rc1 Ne5+ 46. Kd2 Nd7 47. Bf1
Kb7 48. Rb1 Ne5 49. Be2 Rd7 50. a4 Kc7 51. Ra1 a5 52. bxa5 bxa5 53. Rb1 Kc8 54.
Rb5 Rc7 55. c5 dxc5 56. Rxc5 Rxc5 57. Bxc5 Kb7 58. Bb5 g6 59. Be7 f5 60. gxf5
gxf5 61. Bd8 Nf7 62. Bxa5 Nd6 63. Ke2 Ka7 64. Bc6 Ka6 65. Be1 f4 66. Bb4 Kb6
67. Kf3 Nf5 68. Bc3 Nd6 69. Bd4+ Ka5 70. Be5 Nc4 71. Bxf4 Ne5+ 72. Ke4 Nxc6 73.
dxc6 1-0

[Event "FRA T U 20"]
[Site "Sautron"]
[Date "2009.11.28"]
[Round "1.2"]
[White "Deslias, Gregoire"]
[Black "Hallope, Arnaud"]
[Result "1-0"]
[WhiteElo "1865"]
[BlackElo "1853"]
[PlyCount "79"]
[EventDate "2009.??.??"]
[EventType "team-match"]
[EventCountry "FRA"]

1. d4 Nf6 2. c4 g6 3. Nc3 d5 4. cxd5 Nxd5 5. Bd2 Bg7 6. e4 Nb6 7. Be3 O-O 8.
Be2 Nc6 9. Nf3 Bg4 10. d5 Bxf3 11. gxf3 Na5 12. Bd4 Qd6 13. Bxg7 Kxg7 14. Rc1
Qf6 15. Nb1 Qxb2 16. Qd2 Qxd2+ 17. Nxd2 Nd7 18. Rxc7 Rfd8 19. O-O Kf8 20. Rfc1
b6 21. Ba6 g5 22. Kg2 Ne5 23. Nb1 Rd7 24. Na3 h6 25. Nb5 Kg7 26. Rc8 Rxc8 27.
Bxc8 Rd8 28. Nxa7 Nac4 29. h4 Kf6 30. hxg5+ hxg5 31. Rb1 Kg7 32. Rb4 Nd6 33.
Rxb6 Nxc8 34. Rb8 Rd7 35. Nxc8 Rc7 36. a4 Rc3 37. Nxe7 Nxf3 38. d6 Ne5 39. Rg8+
Kf6 40. Nd5+ 1-0

[Event "FRA T U 20"]
[Site "Sautron"]
[Date "2009.11.28"]
[Round "1.3"]
[White "Bapst, Valentin"]
[Black "Purenne, Benoit"]
[Result "1-0"]
[WhiteElo "1778"]
[BlackElo "1911"]
[PlyCount "57"]
[EventDate "2009.??.??"]
[EventType "team-match"]
[EventCountry "FRA"]

1. e4 c5 2. Nf3 e6 3. d4 cxd4 4. Nxd4 a6 5. Bd3 Bc5 6. Nb3 Ba7 7. Qg4 Nf6 8.
Qg3 d6 9. Nc3 Nc6 10. Bg5 Ne5 11. f4 Neg4 12. Bxf6 Nxf6 13. e5 dxe5 14. fxe5
Nh5 15. Qg4 g6 16. O-O-O Qc7 17. Rhe1 O-O 18. Qg5 Qd8 19. Qh6 Qe7 20. g4 Ng7
21. Ne4 Ne8 22. g5 f5 23. gxf6 Qc7 24. Ng5 Nxf6 25. exf6 Rxf6 26. h4 b5 27. h5
Qg7 28. Qxg7+ Kxg7 29. Ne4 1-0

[Event "FRA T U 20"]
[Site "Sautron"]
[Date "2009.11.28"]
[Round "1.4"]
[White "Le Bastard, Ronan"]
[Black "Le Pen, Steven"]
[Result "0-1"]
[WhiteElo "1614"]
[BlackElo "1764"]
[PlyCount "133"]
[EventDate "2009.??.??"]
[EventType "team-match"]
[EventCountry "FRA"]

1. e4 c5 2. Nf3 d6 3. d4 cxd4 4. Nxd4 Nf6 5. Nc3 Nc6 6. Bg5 e6 7. Be2 a6 8. O-O
Be7 9. Kh1 O-O 10. f3 Qc7 11. Rc1 b5 12. a3 Rd8 13. Nb3 d5 14. exd5 Nxd5 15.
Bxe7 Qxe7 16. Nxd5 Rxd5 17. Bd3 Ne5 18. Qe2 Nxd3 19. cxd3 b4 20. Qc2 Bd7 21.
Nd2 bxa3 22. bxa3 Qxa3 23. Nc4 Qc5 24. Rfe1 Rc8 25. Re4 Bb5 26. Rh4 Rd4 27.
Rxd4 Qxd4 28. Qb1 Kf8 29. Qb4+ Qc5 30. Qxc5+ Rxc5 31. Kg1 Bxc4 32. dxc4 Ke7 33.
Kf2 Kd6 34. Ke3 Ra5 35. Rc2 Kc5 36. Kd3 Ra3+ 37. Kd2 a5 38. Ke1 Ra4 39. Rd2
Ra1+ 40. Kf2 Kxc4 41. Rd7 a4 42. Rxf7 a3 43. Ra7 a2 44. Kg3 Kd5 45. Kg4 Ke5 46.
h3 Kf6 47. g3 g6 48. Kf4 Rh1 49. Rxa2 Rxh3 50. Ra5 h6 51. Kg4 Rh1 52. Rb5 h5+
53. Kf4 h4 54. gxh4 Rxh4+ 55. Kg3 Rd4 56. f4 Rd5 57. Rb4 Kf5 58. Rc4 Rd3+ 59.
Kf2 Kg4 60. Re4 Rf3+ 61. Ke2 Rxf4 62. Rxe6 g5 63. Rd6 Kg3 64. Rd3+ Kg2 65. Rd1
g4 66. Ke3 Rf2 67. Kd4 0-1

[Event "FRA T U 20"]
[Site "Sautron"]
[Date "2009.11.28"]
[Round "1.5"]
[White "Touam, Yannis"]
[Black "Ginovart, Axel"]
[Result "1-0"]
[WhiteElo "1500"]
[BlackElo "1798"]
[PlyCount "51"]
[EventDate "2009.??.??"]
[EventType "team-match"]
[EventCountry "FRA"]

1. e4 c5 2. Nf3 Nc6 3. d4 cxd4 4. Nxd4 Nf6 5. Nc3 d6 6. f3 a6 7. Be3 e6 8. Qd2
Be7 9. O-O-O Ne5 10. g4 b5 11. Bd3 Nc4 12. Bxc4 bxc4 13. h4 Bb7 14. h5 a5 15.
Ndb5 Ra6 16. Qd4 Rc6 17. f4 O-O 18. g5 Nd7 19. h6 e5 20. fxe5 Nxe5 21. Rdg1 f6
22. Qd5+ Kh8 23. hxg7+ Kxg7 24. gxf6+ Kxf6 25. Bg5+ Kg7 26. Bxe7+ 1-0

[Event "FRA T U 20"]
[Site "Sautron"]
[Date "2009.11.28"]
[Round "1.1"]
[White "Ozenne, Corentin"]
[Black "Lemeille, Francois"]
[Result "1-0"]
[WhiteElo "2056"]
[BlackElo "1955"]
[PlyCount "81"]
[EventDate "2009.??.??"]
[EventType "team-match"]
[EventCountry "FRA"]

1. d4 Nf6 2. c4 e6 3. Nf3 b6 4. g3 Bb7 5. Bg2 Be7 6. O-O O-O 7. Nc3 d5 8. cxd5
Nxd5 9. Qc2 c5 10. dxc5 Nxc3 11. bxc3 Nc6 12. Rd1 Qc8 13. cxb6 axb6 14. Be3 b5
15. Qb3 Ra3 16. Qxb5 Ba6 17. Qb2 Na5 18. Bd4 f6 19. Bh3 Nc4 20. Qc2 Qc6 21. Nd2
e5 22. Nxc4 Qxc4 23. Be3 Rxc3 24. Be6+ Qxe6 25. Qxc3 Bxe2 26. Rd2 Ba6 27. Qc7
Bb5 28. Qb6 Qc4 29. Rb2 Be8 30. Qb3 Bf7 31. Qxc4 Bxc4 32. a4 f5 33. Rb7 Bf6 34.
Rab1 g5 35. Bc5 Rf7 36. Rxf7 Kxf7 37. Rb7+ Kg6 38. a5 Bd8 39. Bb6 Bf6 40. Bc7
e4 41. a6 1-0

[Event "FRA T U 20"]
[Site "Sautron"]
[Date "2009.11.28"]
[Round "1.2"]
[White "Aflalo, Sophie"]
[Black "Chameret, Jean"]
[Result "1-0"]
[WhiteElo "2036"]
[BlackElo "1599"]
[PlyCount "56"]
[EventDate "2009.??.??"]
[EventType "team-match"]
[EventCountry "FRA"]

1. e4 c5 2. Nf3 e6 3. d4 cxd4 4. Nxd4 Nf6 5. Bd3 Nc6 6. Nxc6 bxc6 7. e5 Nd5 8.
O-O Qc7 9. Re1 d6 10. c4 Nb6 11. Bf4 d5 12. Nd2 Nd7 13. Rc1 Qb6 14. Nb3 Be7 15.
Qg4 Kf8 16. Qh5 h6 17. Re3 Qd8 18. Rf3 Qe8 19. Be3 Kg8 20. Rg3 Bf8 21. cxd5
cxd5 22. Bb5 Rb8 23. Nd4 a6 24. Ba4 Rxb2 25. f4 g6 26. f5 Bg7 27. fxg6 fxg6 28.
Qg4 Rxa2 1-0

[Event "FRA T U 20"]
[Site "Sautron"]
[Date "2009.11.28"]
[Round "1.3"]
[White "Navrotescu, Andreea Cristiana"]
[Black "Lam Roques, Kalvin"]
[Result "0-1"]
[WhiteElo "1908"]
[BlackElo "1696"]
[PlyCount "78"]
[EventDate "2009.??.??"]
[EventType "team-match"]
[EventCountry "FRA"]

1. d4 d5 2. c4 e6 3. Nc3 Nf6 4. Bg5 Be7 5. cxd5 exd5 6. e3 b6 7. Bd3 Bb7 8. Rc1
Nbd7 9. Nf3 c5 10. O-O O-O 11. Qc2 h6 12. Bh4 Rc8 13. Bf5 Ne4 14. Bxe7 Qxe7 15.
Ne5 Nxe5 16. Bxc8 Rxc8 17. dxe5 Qxe5 18. Nxe4 dxe4 19. Qe2 Qe8 20. Rfd1 Bc6 21.
f3 exf3 22. gxf3 Qe6 23. b3 Re8 24. Re1 Qh3 25. Rf1 Re6 26. a4 Bb7 27. Kh1 Rg6
28. Rc2 Rg3 29. e4 f5 30. Qc4+ Kh7 31. Rcf2 fxe4 32. fxe4 Rc3 33. Qe2 Re3 34.
Rf3 Qxf3+ 35. Qxf3 Rxf3 36. Rxf3 Bxe4 37. Kg2 Kg6 38. Kf2 Bxf3 39. Kxf3 Kf5 0-1

[Event "FRA T U 20"]
[Site "Sautron"]
[Date "2009.11.28"]
[Round "1.4"]
[White "Zychowski, Antoine"]
[Black "Niepceron, Luc"]
[Result "1-0"]
[WhiteElo "1560"]
[BlackElo "1702"]
[PlyCount "49"]
[EventDate "2009.??.??"]
[EventType "team-match"]
[EventCountry "FRA"]

1. e4 c5 2. Nf3 e6 3. d4 cxd4 4. Nxd4 Nf6 5. Nc3 Nc6 6. Be2 Bb4 7. f3 O-O 8.
O-O d5 9. exd5 Nxd5 10. Nxd5 Qxd5 11. Nxc6 Qxc6 12. f4 Qc7 13. Bf3 Rd8 14. Qe2
Bd7 15. Be3 Bc6 16. Rac1 Bxf3 17. Qxf3 Bd2 18. Bxd2 Rxd2 19. f5 e5 20. f6 g6
21. Qe3 Rad8 22. Qh6 Qb6+ 23. Kh1 Qxf6 24. Rxf6 Rd1+ 25. Rf1 1-0

[Event "FRA T U 20"]
[Site "Sautron"]
[Date "2009.11.28"]
[Round "1.5"]
[White "Auvray, Honorine"]
[Black "Triboulin, Amaury"]
[Result "0-1"]
[WhiteElo "1663"]
[BlackElo "1599"]
[PlyCount "61"]
[EventDate "2009.??.??"]
[EventType "team-match"]
[EventCountry "FRA"]

1. e4 e5 2. Nf3 Nc6 3. Bb5 Nf6 4. O-O Bc5 5. c3 a6 6. Bxc6 bxc6 7. Nxe5 O-O 8.
d4 Bb6 9. Re1 Re8 10. Bg5 Qe7 11. Nd2 h6 12. Bh4 Qd6 13. Nec4 Qe6 14. Qf3 Bb7
15. Bxf6 gxf6 16. Re3 Kh7 17. Qf4 Rg8 18. h3 Rg6 19. Rg3 Rag8 20. Kh2 d5 21.
exd5 cxd5 22. Ne3 c5 23. Nf3 Qe7 24. Qf5 Bc7 25. Nf1 Bxg3+ 26. Nxg3 Kh8 27. Re1
Qc7 28. Nh4 Rxg3 29. Qxf6+ R3g7+ 30. g3 Qc6 31. Qf4 0-1

[Event "FRA T U 20"]
[Site "Sautron"]
[Date "2009.11.29"]
[Round "2.1"]
[White "Ozenne, Corentin"]
[Black "Barbot, Pierre"]
[Result "1-0"]
[WhiteElo "2056"]
[BlackElo "2072"]
[PlyCount "85"]
[EventDate "2009.??.??"]
[EventType "team-match"]
[EventCountry "FRA"]

1. d4 Nf6 2. c4 g6 3. Nc3 d5 4. cxd5 Nxd5 5. e4 Nxc3 6. bxc3 Bg7 7. Bg5 c5 8.
Rc1 O-O 9. Nf3 Qa5 10. Qd2 Bg4 11. d5 Bxf3 12. gxf3 e6 13. c4 Qxd2+ 14. Kxd2 b6
15. Bd3 Nd7 16. Ke2 Rae8 17. Bc2 f5 18. Ba4 Rf7 19. Bc6 e5 20. d6 Rc8 21. Bd5
Bf6 22. f4 Bxg5 23. fxg5 fxe4 24. Ke3 Kg7 25. Bxf7 Kxf7 26. Kxe4 Ke6 27. Rc3
Rf8 28. Rf3 Rf5 29. h4 Nb8 30. Rd1 Nd7 31. Rd2 Nb8 32. Rdd3 a6 33. a4 a5 34.
Rb3 Nd7 35. Rb1 h6 36. Rxf5 gxf5+ 37. Kf3 h5 38. g6 Kf6 39. Rg1 Kg7 40. Rg5 Nf6
41. Rxf5 e4+ 42. Kf4 Kxg6 43. Ke5 1-0

[Event "FRA T U 20"]
[Site "Sautron"]
[Date "2009.11.29"]
[Round "2.2"]
[White "Hallope, Arnaud"]
[Black "Chameret, Jean"]
[Result "1-0"]
[WhiteElo "1853"]
[BlackElo "1599"]
[PlyCount "81"]
[EventDate "2009.??.??"]
[EventType "team-match"]
[EventCountry "FRA"]

1. e4 c5 2. c3 Nf6 3. e5 Nd5 4. Nf3 e6 5. Bc4 Nb6 6. Bb3 d6 7. exd6 Bxd6 8. d4
O-O 9. Be3 cxd4 10. cxd4 Bd7 11. Nc3 Bc6 12. O-O N8d7 13. d5 exd5 14. Nxd5 Nc5
15. Nxb6 axb6 16. Bc2 Re8 17. a3 Qc7 18. b4 Ne4 19. Qd4 Nf6 20. Rfc1 Qe7 21.
Qxb6 Bxf3 22. gxf3 Nd5 23. Qd4 Nxe3 24. fxe3 Rad8 25. Kh1 Bxh2 26. Qe4 Qxe4 27.
Bxe4 Bg3 28. Kg2 Be5 29. Ra2 Rd7 30. Kf2 Red8 31. Ke2 h5 32. Rac2 h4 33. f4 Bf6
34. Kf3 g6 35. a4 Be7 36. b5 Bb4 37. Rc4 Ba5 38. Rc8 b6 39. Rxd8+ Rxd8 40. Rc7
Rd1 41. f5 1-0

[Event "FRA T U 20"]
[Site "Sautron"]
[Date "2009.11.29"]
[Round "2.3"]
[White "Navrotescu, Andreea Cristiana"]
[Black "Bapst, Valentin"]
[Result "1/2-1/2"]
[WhiteElo "1908"]
[BlackElo "1778"]
[PlyCount "107"]
[EventDate "2009.??.??"]
[EventType "team-match"]
[EventCountry "FRA"]

1. d4 Nf6 2. c4 g6 3. Nc3 d5 4. Bf4 Bg7 5. e3 O-O 6. Nf3 c5 7. dxc5 Qa5 8. Rc1
Nbd7 9. cxd5 Ne4 10. Qc2 Ndxc5 11. Nd2 Bf5 12. Nc4 Qd8 13. Qd1 Nxc3 14. bxc3
Be4 15. d6 Re8 16. f3 Bc6 17. dxe7 Qxd1+ 18. Rxd1 Bxc3+ 19. Kf2 Ne6 20. Bd6 Bf6
21. Na5 Ba4 22. Rc1 b6 23. Nb3 Bxe7 24. Bxe7 Rxe7 25. Bc4 Rd8 26. Rhd1 Red7 27.
Rxd7 Rxd7 28. e4 Nf4 29. Kg3 g5 30. h4 h6 31. hxg5 hxg5 32. Kg4 Nxg2 33. Kxg5
Ne3 34. f4 Nxc4 35. Rxc4 Bb5 36. Rd4 Rxd4 37. Nxd4 Bc4 38. a3 a6 39. Kf6 Kf8
40. e5 a5 41. f5 b5 42. Nc6 a4 43. e6 fxe6 44. fxe6 Bd5 45. Nd4 b4 46. axb4 a3
47. Nc2 a2 48. b5 Bb3 49. Na1 Ba4 50. b6 Bc6 51. e7+ Ke8 52. Ke6 Bb7 53. Kd6
Be4 54. Nb3 1/2-1/2

[Event "FRA T U 20"]
[Site "Sautron"]
[Date "2009.11.29"]
[Round "2.4"]
[White "Le Pen, Steven"]
[Black "Niepceron, Luc"]
[Result "1-0"]
[WhiteElo "1764"]
[BlackElo "1702"]
[PlyCount "71"]
[EventDate "2009.??.??"]
[EventType "team-match"]
[EventCountry "FRA"]

1. e4 c5 2. Nf3 e6 3. d4 cxd4 4. Nxd4 Nf6 5. Nc3 Nc6 6. Ndb5 Bb4 7. a3 Bxc3+ 8.
Nxc3 d5 9. exd5 Nxd5 10. Bd2 O-O 11. Bd3 Ne5 12. Bxh7+ Kxh7 13. Qh5+ Kg8 14.
Qxe5 Nf6 15. O-O-O Qb6 16. Be3 Ng4 17. Bxb6 Nxe5 18. Bc7 Ng4 19. Rd2 b6 20. h3
Nf6 21. Rhd1 Bb7 22. f3 Nd5 23. Nxd5 Bxd5 24. Kb1 Rac8 25. Bg3 Rfe8 26. Rd3 Kf8
27. Bd6+ Kg8 28. Bb4 Rc7 29. Rc3 Rd7 30. Rcd3 Rc8 31. Be1 Rcd8 32. Ka1 Bc6 33.
Rxd7 Rxd7 34. Rxd7 Bxd7 35. b3 f5 36. Bg3 1-0

[Event "FRA T U 20"]
[Site "Sautron"]
[Date "2009.11.29"]
[Round "2.5"]
[White "Auvray, Honorine"]
[Black "Touam, Yannis"]
[Result "1-0"]
[WhiteElo "1663"]
[BlackElo "1500"]
[PlyCount "85"]
[EventDate "2009.??.??"]
[EventType "team-match"]
[EventCountry "FRA"]

1. e4 e5 2. Nf3 Nc6 3. Bb5 a6 4. Ba4 Nf6 5. O-O Be7 6. Re1 b5 7. Bb3 O-O 8. h3
d5 9. exd5 Nxd5 10. Nxe5 Nxe5 11. Rxe5 c6 12. d4 Bd6 13. Re1 Qf6 14. c3 Nf4 15.
Bxf4 Qxf4 16. g3 Qg5 17. h4 Qg6 18. Bc2 Bf5 19. Bxf5 Qxf5 20. Nd2 Qh3 21. Qf3
Rac8 22. Nb3 Rc7 23. Rad1 f5 24. Qg2 Qxg2+ 25. Kxg2 f4 26. Re6 Rd7 27. Rde1
fxg3 28. fxg3 Kf7 29. R1e3 Rdd8 30. Na5 Rde8 31. Rxe8 Rxe8 32. Rxe8 Kxe8 33.
Nxc6 Kd7 34. Na5 Ke6 35. g4 h6 36. Kf3 Be7 37. h5 Bg5 38. Ke4 Bc1 39. b3 Bd2
40. Kd3 Be1 41. Nb7 Bg3 42. Nc5+ Kd5 43. Nxa6 1-0

[Event "FRA T U 20"]
[Site "Sautron"]
[Date "2009.11.29"]
[Round "2.1"]
[White "Lemeille, Francois"]
[Black "Peyre, Thomas"]
[Result "1/2-1/2"]
[WhiteElo "1955"]
[BlackElo "2015"]
[PlyCount "48"]
[EventDate "2009.??.??"]
[EventType "team-match"]
[EventCountry "FRA"]

1. e4 c5 2. Nf3 e6 3. d4 cxd4 4. Nxd4 a6 5. g3 Nf6 6. Bg2 Nc6 7. Nxc6 bxc6 8.
O-O Qc7 9. Re1 e5 10. Na3 Be7 11. Be3 O-O 12. f4 d6 13. h3 Rb8 14. Rb1 Be6 15.
c4 Rfd8 16. Qc2 Bc8 17. fxe5 dxe5 18. c5 Be6 19. Nc4 Nd7 20. b4 Nf8 21. Bf1
Bxc4 22. Bxc4 a5 23. a3 axb4 24. axb4 Ne6 1/2-1/2

[Event "FRA T U 20"]
[Site "Sautron"]
[Date "2009.11.29"]
[Round "2.2"]
[White "Deslias, Gregoire"]
[Black "Aflalo, Sophie"]
[Result "1-0"]
[WhiteElo "1865"]
[BlackElo "2036"]
[PlyCount "83"]
[EventDate "2009.??.??"]
[EventType "team-match"]
[EventCountry "FRA"]

1. d4 Nf6 2. c4 g6 3. Nc3 Bg7 4. e4 d6 5. Be2 O-O 6. Bg5 c6 7. Qd2 Re8 8. f3
Qc7 9. Rc1 Nbd7 10. Nh3 a6 11. a4 e5 12. d5 Nc5 13. Bd1 Bxh3 14. gxh3 a5 15.
Bc2 Qd7 16. Qg2 Nh5 17. Qg4 Qc7 18. Ne2 Qb6 19. b3 cxd5 20. cxd5 Rac8 21. Be3
f5 22. exf5 Nd3+ 23. Kd2 Nc5 24. fxg6 Nf6 25. gxh7+ Kh8 26. Qc4 e4 27. f4 Qd8
28. Qb5 Nxd5 29. Rhg1 Qf6 30. Bd4 Qxd4+ 31. Nxd4 Bxd4 32. Rg8+ Rxg8 33. hxg8=Q+
Rxg8 34. Bxe4 Nxe4+ 35. Kd3 Nec3 36. Rxc3 Nxc3 37. Qh5+ Kg7 38. Kxd4 Na2 39.
Qxa5 Rc8 40. Qg5+ Kh8 41. Qh4+ Kg7 42. Qg4+ 1-0

[Event "FRA T U 20"]
[Site "Sautron"]
[Date "2009.11.29"]
[Round "2.3"]
[White "Zychowski, Adrien"]
[Black "Purenne, Benoit"]
[Result "0-1"]
[WhiteElo "1560"]
[BlackElo "1911"]
[PlyCount "86"]
[EventDate "2009.??.??"]
[EventType "team-match"]
[EventCountry "FRA"]

1. e4 c5 2. Nf3 e6 3. d4 cxd4 4. Nxd4 a6 5. Bd3 Bc5 6. Nb3 Ba7 7. Qe2 Nc6 8.
Be3 d6 9. Bxa7 Rxa7 10. O-O Nf6 11. f4 Qc7 12. c3 b6 13. N1d2 O-O 14. Rae1 Nd7
15. Qh5 Bb7 16. g4 Raa8 17. g5 Rae8 18. Rf3 g6 19. Qh6 f6 20. h4 Nd8 21. gxf6
Rxf6 22. Qg5 Ref8 23. Ref1 R6f7 24. Nd4 e5 25. N4b3 Ne6 26. Qg4 Nxf4 27. h5 Nf6
28. Qg5 N6xh5 29. Bc4 d5 30. exd5 Bxd5 31. Bxd5 Nxd5 32. Rxf7 Rxf7 33. Rxf7
Kxf7 34. Ne4 Qe7 35. Qg2 Nhf4 36. Qg4 h5 37. Qf3 Kg7 38. Nbd2 Qh4 39. c4 Qe1+
40. Kh2 Qh4+ 41. Kg1 Qe1+ 42. Kh2 Ne3 43. b4 Ng4+ 0-1